| 000 | 01208nab a22002417a 4500 | ||
|---|---|---|---|
| 999 |
_c5511 _d5511 |
||
| 003 | OSt | ||
| 005 | 20251210145752.0 | ||
| 008 | 190604e xxu||||| |||| 00| 0 spa d | ||
| 040 | _cPJ | ||
| 100 |
_96175 _aIbañez, Priscila |
||
| 245 | 1 | 3 |
_aEl DNU 340/25 : _bmás servicios esenciales, menos derechos fundamentales / _cPriscila Ibañez. |
| 260 |
_aCiudad Autónoma de Buenos Aires : _bThomson Reuters La Ley, _c2025. |
||
| 300 | _ap. 69-74 | ||
| 500 | _aCita Online: TR LALEY AR/DOC/1992/2025. | ||
| 505 | _aSumario: I. Introducción.— II. La tutela de la libertad sindical.— III. Cuestiones de constitucionalidad en torno al DNU.— IV. La noción de esencialidad: los lineamientos de la OIT y el quiebre del DNU.— V. Consideraciones finales. | ||
| 505 | _t¿Te interesa el texto completo? Solicitalo al correo: koha@justierradelfuego.gov.ar | ||
| 650 | 0 |
_91316 _aDERECHO LABORAL |
|
| 650 | 0 |
_94564 _aDERECHO DE HUELGA |
|
| 650 | 0 |
_9200 _aDECRETOS DE NECESIDAD Y URGENCIA |
|
| 650 | 0 |
_95622 _aSERVICIOS ESENCIALES |
|
| 773 | 0 |
_02714 _93171 _dCiudad Autónoma de Buenos Aires : Thomson Reuters La Ley, 2014- _tRevista anales de legislación argentina. Nº 9 - Septiembre 2025. |
|
| 942 |
_2udc _cANA |
||